[Event "EYCC 2024 - G16"]
[Site "?"]
[Date "2024.08.30"]
[Round "8.1"]
[White "Yildiz, Elif Zeren"]
[Black "Tirpan, Ceren"]
[Result "0-1"]
[BlackElo "1926"]
[WhiteElo "1934"]
[LiveChessVersion "1.4.8"]

1. e4 {[%clk 1:30:57]} c5 {[%clk 1:30:57]} 2. Nf3 {[%clk 1:31:21]} e6
{[%clk 1:31:23]} 3. d4 {[%clk 1:31:39]} cxd4 {[%clk 1:31:47]} 4. Nxd4
{[%clk 1:32:04]} a6 {[%clk 1:32:11]} 5. Nc3 {[%clk 1:32:27]} b5 {[%clk 1:32:36]}
6. Bd3 {[%clk 1:32:36]} Bb7 {[%clk 1:32:57]} 7. a3 {[%clk 1:32:59]} Qc7
{[%clk 1:32:03]} 8. Qf3 {[%clk 1:32:44]} Nf6 {[%clk 1:26:10]} 9. Qg3
{[%clk 1:22:08]} d6 {[%clk 1:13:45]} 10. Be3 {[%clk 1:14:29]} Nbd7
{[%clk 1:12:03]} 11. f3 {[%clk 1:10:26]} Ne5 {[%clk 1:06:38]} 12. O-O
{[%clk 1:06:31]} Nc4 {[%clk 0:52:12]} 13. Ndxb5 {[%clk 0:48:58]} axb5
{[%clk 0:46:17]} 14. Nxb5 {[%clk 0:49:23]} Qc6 {[%clk 0:33:06]} 15. Bxc4
{[%clk 0:49:49]} Qxc4 {[%clk 0:33:31]} 16. Nxd6+ {[%clk 0:50:14]} Bxd6
{[%clk 0:33:55]} 17. Qxd6 {[%clk 0:50:42]} Ra6 {[%clk 0:21:25]} 18. Qb8+
{[%clk 0:38:20]} Bc8 {[%clk 0:21:48]} 19. Rfd1 {[%clk 0:36:33]} O-O
{[%clk 0:21:37]} 20. Rd2 {[%clk 0:35:56]} Nd7 {[%clk 0:19:21]} 21. Qg3
{[%clk 0:33:58]} e5 {[%clk 0:15:15]} 22. Qf2 {[%clk 0:34:24]} f5 {[%clk 0:14:41]}
23. exf5 {[%clk 0:33:30]} Rxf5 {[%clk 0:14:55]} 24. Qf1 {[%clk 0:31:51]} Qf7
{[%clk 0:13:14]} 25. Qd3 {[%clk 0:31:33]} Rg6 {[%clk 0:12:05]} 26. Rf1
{[%clk 0:27:21]} Nf8 {[%clk 0:12:01]} 27. Qd5 {[%clk 0:25:55]} Re6
{[%clk 0:10:16]} 28. Qb3 {[%clk 0:21:47]} h5 {[%clk 0:06:03]} 29. Rd8
{[%clk 0:18:26]} Qc7 {[%clk 0:06:26]} 30. Rfd1 {[%clk 0:17:45]} Kh7
{[%clk 0:06:43]} 31. Qd3 {[%clk 0:16:04]} Rg6 {[%clk 0:06:35]} 32. Kh1
{[%clk 0:13:18]} Be6 {[%clk 0:04:07]} 33. Rd6 {[%clk 0:10:29]} Qf7
{[%clk 0:04:12]} 34. Qe2 {[%clk 0:09:52]} Nd7 {[%clk 0:03:49]} 35. Bf2
{[%clk 0:08:59]} Nf6 {[%clk 0:03:37]} 36. Bh4 {[%clk 0:05:04]} Nd5
{[%clk 0:03:26]} 37. Bg3 {[%clk 0:05:30]} h4 {[%clk 0:02:58]} 38. Bxe5
{[%clk 0:05:11]} h3 {[%clk 0:03:22]} 39. g3 {[%clk 0:04:01]} Rxe5
{[%clk 0:03:43]} 0-1

[Event "EYCC 2024 - G16"]
[Site "?"]
[Date "2024.08.30"]
[Round "8.2"]
[White "Peglau, Charis"]
[Black "Szczotka, Klara"]
[Result "0-1"]
[BlackElo "2053"]
[WhiteElo "2031"]
[LiveChessVersion "1.4.8"]

1. Nf3 Nf6 {[%clk 1:30:55]} 2. g3 {[%clk 1:31:23]} c5 {[%clk 1:31:20]} 3. Bg2
{[%clk 1:31:47]} Nc6 {[%clk 1:31:45]} 4. O-O {[%clk 1:32:06]} e5 {[%clk 1:32:04]}
5. d3 {[%clk 1:31:52]} d5 {[%clk 1:29:54]} 6. Nbd2 {[%clk 1:30:03]} Be7
{[%clk 1:28:16]} 7. e4 {[%clk 1:27:51]} O-O {[%clk 1:27:32]} 8. Re1
{[%clk 1:22:43]} dxe4 {[%clk 1:19:26]} 9. dxe4 {[%clk 1:21:06]} Qc7
{[%clk 1:13:53]} 10. c3 {[%clk 1:20:29]} h6 {[%clk 1:13:30]} 11. Nh4
{[%clk 1:11:50]} g6 {[%clk 0:59:58]} 12. Nc4 {[%clk 1:09:24]} Be6
{[%clk 0:53:18]} 13. Qe2 {[%clk 0:55:23]} Kg7 {[%clk 0:51:08]} 14. f4
{[%clk 0:43:33]} Rad8 {[%clk 0:24:53]} 15. Nxe5 {[%clk 0:30:22]} Nxe5
{[%clk 0:24:27]} 16. fxe5 {[%clk 0:30:50]} Ng4 {[%clk 0:24:36]} 17. Nf3
{[%clk 0:29:51]} c4 {[%clk 0:23:58]} 18. h3 {[%clk 0:18:42]} Bc5+
{[%clk 0:23:33]} 19. Kh1 {[%clk 0:13:26]} Nf2+ {[%clk 0:19:17]} 20. Kh2
{[%clk 0:13:52]} Nd3 {[%clk 0:19:40]} 21. Rd1 {[%clk 0:11:17]} Qb6
{[%clk 0:14:47]} 22. b4 {[%clk 0:03:19]} cxb3 {[%clk 0:02:14]} 23. Rxd3
{[%clk 0:03:29]} Bc4 {[%clk 0:02:00]} 24. Qd2 {[%clk 0:03:31]} Rxd3
{[%clk 0:02:11]} 25. Qxh6+ {[%clk 0:03:57]} Kg8 {[%clk 0:02:38]} 26. Bg5
{[%clk 0:03:29]} Be3 {[%clk 0:02:39]} 27. axb3 {[%clk 0:02:46]} Bxb3
{[%clk 0:00:38]} 28. Re1 {[%clk 0:01:33]} Bxg5 {[%clk 0:00:46]} 29. Nxg5
{[%clk 0:02:02]} Re8 {[%clk 0:00:40]} 30. Nh7 {[%clk 0:01:15]} Rxe5
{[%clk 0:00:39]} 31. Ng5 {[%clk 0:00:40]} Qf6 {[%clk 0:00:33]} 32. Rf1
{[%clk 0:00:41]} Qxg5 {[%clk 0:00:47]} 33. Qxg5 {[%clk 0:00:33]} Rxg5
{[%clk 0:01:16]} 0-1

[Event "EYCC 2024 - G16"]
[Site "?"]
[Date "2024.08.30"]
[Round "8.3"]
[White "Kirtadze, Anastasia"]
[Black "Sprzeczka, Emilia"]
[Result "1/2-1/2"]
[BlackElo "2149"]
[WhiteElo "2029"]
[LiveChessVersion "1.4.8"]

1. e4 {[%clk 1:30:58]} e5 {[%clk 1:30:55]} 2. Nf3 {[%clk 1:31:22]} Nc6
{[%clk 1:31:21]} 3. Bb5 {[%clk 1:31:46]} a6 {[%clk 1:31:43]} 4. Ba4
{[%clk 1:32:12]} Nf6 {[%clk 1:32:07]} 5. O-O {[%clk 1:32:26]} b5 {[%clk 1:32:21]}
6. Bb3 {[%clk 1:32:50]} Bc5 {[%clk 1:32:33]} 7. c3 {[%clk 1:28:50]} d6
{[%clk 1:32:38]} 8. a4 {[%clk 1:28:29]} Rb8 {[%clk 1:32:35]} 9. d4
{[%clk 1:27:54]} Bb6 {[%clk 1:32:39]} 10. a5 {[%clk 1:27:57]} Ba7
{[%clk 1:32:56]} 11. Be3 {[%clk 1:26:01]} Bg4 {[%clk 1:31:38]} 12. dxe5
{[%clk 1:18:18]} Bxf3 {[%clk 1:29:35]} 13. Qxf3 {[%clk 1:17:52]} Nxe5
{[%clk 1:27:52]} 14. Qe2 {[%clk 1:15:52]} Bxe3 {[%clk 1:27:55]} 15. Qxe3
{[%clk 1:16:15]} O-O {[%clk 1:25:04]} 16. Nd2 {[%clk 1:11:50]} Re8
{[%clk 1:21:13]} 17. f4 {[%clk 1:05:25]} Nc4 {[%clk 1:17:49]} 18. Bxc4
{[%clk 0:44:38]} bxc4 {[%clk 1:18:11]} 19. Nxc4 {[%clk 0:29:53]} Rxe4
{[%clk 1:10:54]} 20. Qd3 {[%clk 0:30:01]} Qe8 {[%clk 1:07:59]} 21. b3
{[%clk 0:17:59]} Qb5 {[%clk 0:48:50]} 22. Rf3 {[%clk 0:15:13]} Rbe8
{[%clk 0:42:30]} 23. Raf1 {[%clk 0:12:54]} Re2 {[%clk 0:37:03]} 24. b4
{[%clk 0:08:24]} Ra2 {[%clk 0:33:34]} 25. R3f2 {[%clk 0:02:00]} Rxf2
{[%clk 0:25:44]} 26. Rxf2 {[%clk 0:02:28]} Re4 {[%clk 0:26:04]} 27. Nb2
{[%clk 0:02:33]} Qxd3 {[%clk 0:22:40]} 28. Nxd3 {[%clk 0:03:02]} Rc4
{[%clk 0:22:51]} 29. b5 {[%clk 0:00:41]} axb5 {[%clk 0:20:15]} 30. Rb2
{[%clk 0:00:38]} c6 {[%clk 0:19:15]} 31. a6 {[%clk 0:00:34]} Ra4 {[%clk 0:18:39]}
32. Nb4 {[%clk 0:00:58]} Ra1+ {[%clk 0:12:45]} 33. Kf2 {[%clk 0:01:22]} Ne4+
{[%clk 0:13:00]} 34. Kf3 {[%clk 0:00:39]} Nxc3 {[%clk 0:09:11]} 35. Rc2
{[%clk 0:00:40]} Ra3 {[%clk 0:08:49]} 36. Nxc6 {[%clk 0:00:43]} g6
{[%clk 0:07:38]} 37. a7 {[%clk 0:00:48]} Kg7 {[%clk 0:07:24]} 38. Kf2
{[%clk 0:00:34]} Ne4+ {[%clk 0:07:11]} 39. Ke2 {[%clk 0:00:41]} Ra6
{[%clk 0:05:48]} 40. Rb2 {[%clk 0:00:34]} d5 {[%clk 0:05:14]} 41. Kd3
{[%clk 0:00:39]} Nd6 {[%clk 0:04:54]} 42. Kd4 {[%clk 0:00:33]} Nc8
{[%clk 0:03:42]} 43. Rxb5 {[%clk 0:00:37]} Nxa7 {[%clk 0:03:49]} 44. Nxa7
{[%clk 0:01:05]} Rxa7 {[%clk 0:04:13]} 45. Rxd5 {[%clk 0:01:08]} Ra2
{[%clk 0:03:41]} 46. Rg5 {[%clk 0:01:36]} Ra4+ {[%clk 0:02:35]} 47. Ke3
{[%clk 0:01:57]} f5 {[%clk 0:02:54]} 48. Rg3 {[%clk 0:01:44]} Re4+
{[%clk 0:03:13]} 49. Kf3 {[%clk 0:02:11]} h6 {[%clk 0:02:30]} 50. h4
{[%clk 0:00:43]} Kf6 {[%clk 0:02:24]} 51. Rh3 {[%clk 0:01:07]} Re1
{[%clk 0:00:51]} 52. g3 {[%clk 0:01:10]} Rb1 {[%clk 0:00:52]} 53. Ke3
{[%clk 0:00:43]} Rb3+ {[%clk 0:00:40]} 54. Kf2 {[%clk 0:00:57]} Kg7
{[%clk 0:00:39]} 55. Rh1 {[%clk 0:01:11]} g5 {[%clk 0:00:37]} 56. hxg5
{[%clk 0:00:46]} hxg5 {[%clk 0:01:02]} 57. fxg5 {[%clk 0:00:37]} Kg6
{[%clk 0:01:27]} 58. Rh4 {[%clk 0:00:42]} Kxg5 {[%clk 0:01:44]} 59. Rc4
{[%clk 0:00:46]} 1/2-1/2

[Event "EYCC 2024 - G16"]
[Site "?"]
[Date "2024.08.30"]
[Round "8.4"]
[White "Tsetskhladze, Mariam"]
[Black "Abdinova, Narmin"]
[Result "1-0"]
[BlackElo "2244"]
[WhiteElo "2040"]
[LiveChessVersion "1.4.8"]

1. e4 {[%clk 1:30:56]} e5 {[%clk 1:30:48]} 2. Nf3 {[%clk 1:31:20]} Nc6
{[%clk 1:31:12]} 3. Bb5 {[%clk 1:31:44]} a6 {[%clk 1:31:35]} 4. Ba4
{[%clk 1:32:11]} Nf6 {[%clk 1:31:59]} 5. O-O {[%clk 1:32:31]} Nxe4
{[%clk 1:31:42]} 6. d4 {[%clk 1:24:08]} b5 {[%clk 1:32:06]} 7. Bb3
{[%clk 1:24:27]} d5 {[%clk 1:32:28]} 8. dxe5 {[%clk 1:15:07]} Be6
{[%clk 1:32:52]} 9. c3 {[%clk 1:12:39]} Bc5 {[%clk 1:32:42]} 10. Nbd2
{[%clk 1:08:01]} O-O {[%clk 1:32:56]} 11. Qe2 {[%clk 0:51:48]} Nxd2
{[%clk 1:20:02]} 12. Bxd2 {[%clk 0:48:20]} Re8 {[%clk 1:18:35]} 13. Qd3
{[%clk 0:41:17]} g6 {[%clk 1:03:15]} 14. Rad1 {[%clk 0:38:31]} Na5
{[%clk 0:51:25]} 15. Ng5 {[%clk 0:23:45]} Nxb3 {[%clk 0:47:22]} 16. axb3
{[%clk 0:23:58]} Bf5 {[%clk 0:46:10]} 17. Qg3 {[%clk 0:21:38]} h6
{[%clk 0:33:32]} 18. Nf3 {[%clk 0:20:26]} Bf8 {[%clk 0:32:41]} 19. Nd4
{[%clk 0:20:07]} Qd7 {[%clk 0:17:18]} 20. b4 {[%clk 0:20:10]} a5 {[%clk 0:17:14]}
21. Rfe1 {[%clk 0:12:54]} axb4 {[%clk 0:16:27]} 22. cxb4 {[%clk 0:13:23]} Ra4
{[%clk 0:15:09]} 23. Rc1 {[%clk 0:11:38]} Bxb4 {[%clk 0:11:38]} 24. Bxb4
{[%clk 0:11:09]} Rxb4 {[%clk 0:11:51]} 25. e6 {[%clk 0:10:32]} Bxe6
{[%clk 0:11:23]} 26. Rxc7 {[%clk 0:10:48]} Qd8 {[%clk 0:09:17]} 27. Rxe6
{[%clk 0:04:26]} Rxe6 {[%clk 0:09:23]} 28. Nxe6 {[%clk 0:04:50]} Re4
{[%clk 0:08:15]} 29. h3 {[%clk 0:02:11]} Re1+ {[%clk 0:05:58]} 30. Kh2
{[%clk 0:02:40]} Rxe6 {[%clk 0:06:19]} 31. Rb7 {[%clk 0:00:49]} Rb6
{[%clk 0:05:46]} 32. Qc7 {[%clk 0:00:34]} Qxc7+ {[%clk 0:06:15]} 33. Rxc7
{[%clk 0:01:04]} Rd6 {[%clk 0:06:27]} 34. Kg3 {[%clk 0:00:48]} d4
{[%clk 0:06:47]} 35. Rc2 {[%clk 0:00:35]} f5 {[%clk 0:05:17]} 36. Kf4
{[%clk 0:00:34]} Rd5 {[%clk 0:05:37]} 37. g4 {[%clk 0:00:35]} fxg4
{[%clk 0:05:02]} 38. hxg4 {[%clk 0:00:48]} d3 {[%clk 0:04:58]} 39. Rd2
{[%clk 0:01:15]} h5 {[%clk 0:02:37]} 40. gxh5 {[%clk 0:01:42]} gxh5
{[%clk 0:03:03]} 41. Ke4 {[%clk 0:02:00]} Rd7 {[%clk 0:03:13]} 42. Rxd3
{[%clk 0:00:54]} Rxd3 {[%clk 0:03:38]} 43. Kxd3 {[%clk 0:01:23]} Kf7
{[%clk 0:04:02]} 44. Ke4 {[%clk 0:01:44]} Kf6 {[%clk 0:01:15]} 45. Kf4
{[%clk 0:01:36]} b4 {[%clk 0:01:43]} 46. b3 {[%clk 0:01:39]} Kg6 {[%clk 0:02:04]}
47. Ke5 {[%clk 0:00:47]} Kg7 {[%clk 0:00:34]} 48. Kf5 {[%clk 0:00:54]} Kf7
{[%clk 0:00:33]} 49. Kg5 {[%clk 0:00:38]} Ke6 {[%clk 0:00:52]} 50. f4
{[%clk 0:00:50]} Kd5 {[%clk 0:00:34]} 51. Kxh5 {[%clk 0:01:13]} Kd4
{[%clk 0:00:56]} 52. f5 {[%clk 0:01:34]} 1-0

[Event "EYCC 2024 - G16"]
[Site "?"]
[Date "2024.08.30"]
[Round "8.5"]
[White "Shvedova, Alexandra"]
[Black "Rybackova, Lucie"]
[Result "1-0"]
[BlackElo "2024"]
[WhiteElo "2219"]
[LiveChessVersion "1.4.8"]

1. e4 {[%clk 1:30:57]} c5 {[%clk 1:30:52]} 2. Nf3 {[%clk 1:31:14]} e6
{[%clk 1:31:12]} 3. d4 {[%clk 1:31:39]} cxd4 {[%clk 1:31:36]} 4. Nxd4
{[%clk 1:32:05]} Nc6 {[%clk 1:32:02]} 5. Nc3 {[%clk 1:32:14]} a6 {[%clk 1:32:19]}
6. Be3 {[%clk 1:32:18]} Nf6 {[%clk 1:32:33]} 7. a3 {[%clk 1:20:42]} b5
{[%clk 1:32:49]} 8. g4 {[%clk 1:12:10]} Bb7 {[%clk 1:31:15]} 9. Bg2
{[%clk 1:08:01]} Ne5 {[%clk 1:30:58]} 10. g5 {[%clk 1:03:31]} Nfg4
{[%clk 1:28:26]} 11. Bc1 {[%clk 0:59:17]} Qb6 {[%clk 1:24:04]} 12. h3
{[%clk 0:58:37]} Bc5 {[%clk 1:23:47]} 13. Nce2 {[%clk 0:57:47]} Nc6
{[%clk 1:22:48]} 14. c3 {[%clk 0:54:26]} Nge5 {[%clk 1:16:28]} 15. b3
{[%clk 0:43:54]} Ng6 {[%clk 0:51:22]} 16. h4 {[%clk 0:35:09]} a5 {[%clk 0:42:50]}
17. Be3 {[%clk 0:30:46]} b4 {[%clk 0:30:42]} 18. axb4 {[%clk 0:25:08]} axb4
{[%clk 0:30:56]} 19. Rxa8+ {[%clk 0:25:00]} Bxa8 {[%clk 0:31:25]} 20. c4
{[%clk 0:25:21]} Nge5 {[%clk 0:25:49]} 21. Nxc6 {[%clk 0:21:38]} Bxc6
{[%clk 0:24:43]} 22. Bxc5 {[%clk 0:18:50]} Qxc5 {[%clk 0:25:11]} 23. Nf4
{[%clk 0:17:29]} O-O {[%clk 0:21:55]} 24. Nh5 {[%clk 0:13:58]} Ra8
{[%clk 0:16:49]} 25. O-O {[%clk 0:14:20]} Ra2 {[%clk 0:16:13]} 26. Nf4
{[%clk 0:12:52]} Ra8 {[%clk 0:09:43]} 27. h5 {[%clk 0:12:33]} Rf8
{[%clk 0:09:06]} 28. h6 {[%clk 0:11:30]} g6 {[%clk 0:08:27]} 29. Nh3
{[%clk 0:11:51]} f6 {[%clk 0:06:54]} 30. gxf6 {[%clk 0:11:45]} Rxf6
{[%clk 0:06:51]} 31. Kh1 {[%clk 0:12:04]} Qf8 {[%clk 0:04:36]} 32. Qd4
{[%clk 0:10:55]} Nf3 {[%clk 0:03:00]} 33. Qe3 {[%clk 0:11:03]} Nh4
{[%clk 0:02:58]} 34. Rd1 {[%clk 0:10:41]} Nxg2 {[%clk 0:02:46]} 35. Kxg2
{[%clk 0:11:09]} e5 {[%clk 0:01:37]} 36. c5 {[%clk 0:08:33]} Kh8 {[%clk 0:00:56]}
37. f3 {[%clk 0:08:18]} Qe7 {[%clk 0:00:46]} 38. Qg5 {[%clk 0:05:05]} Rf7
{[%clk 0:00:46]} 39. Rc1 {[%clk 0:05:24]} Bb5 {[%clk 0:00:33]} 40. Ra1
{[%clk 0:05:12]} Qe8 {[%clk 0:00:34]} 41. Qxe5+ {[%clk 0:04:46]} 1-0

[Event "EYCC 2024 - G16"]
[Site "?"]
[Date "2024.08.30"]
[Round "8.6"]
[White "Petrenko, Maryna"]
[Black "Moskalets, Sofiia"]
[Result "0-1"]
[BlackElo "2119"]
[WhiteElo "2020"]
[LiveChessVersion "1.4.8"]

1. d4 {[%clk 1:30:51]} d5 {[%clk 1:30:54]} 2. Nf3 {[%clk 1:31:07]} e6
{[%clk 1:31:15]} 3. c4 {[%clk 1:31:13]} c5 {[%clk 1:31:31]} 4. cxd5
{[%clk 1:31:29]} exd5 {[%clk 1:31:54]} 5. g3 {[%clk 1:31:34]} Nc6
{[%clk 1:32:18]} 6. Bg2 {[%clk 1:31:52]} Nf6 {[%clk 1:32:41]} 7. O-O
{[%clk 1:32:01]} cxd4 {[%clk 1:33:05]} 8. Nxd4 {[%clk 1:32:07]} Bc5
{[%clk 1:33:24]} 9. Nb3 {[%clk 1:26:58]} Bb6 {[%clk 1:32:48]} 10. e3
{[%clk 1:23:11]} Bg4 {[%clk 1:28:37]} 11. Qd3 {[%clk 1:19:59]} O-O
{[%clk 1:26:32]} 12. Nc3 {[%clk 1:16:09]} Ne5 {[%clk 1:20:26]} 13. Qc2
{[%clk 1:15:06]} Rc8 {[%clk 1:17:33]} 14. Nd2 {[%clk 1:04:12]} Re8
{[%clk 1:07:41]} 15. h3 {[%clk 0:54:18]} Be2 {[%clk 1:03:15]} 16. Re1
{[%clk 0:54:43]} Ba6 {[%clk 0:57:34]} 17. Nf3 {[%clk 0:49:21]} Nxf3+
{[%clk 0:45:32]} 18. Bxf3 {[%clk 0:49:45]} d4 {[%clk 0:45:48]} 19. Rd1
{[%clk 0:48:19]} d3 {[%clk 0:45:01]} 20. Qb3 {[%clk 0:41:16]} Nd7
{[%clk 0:35:29]} 21. a4 {[%clk 0:24:52]} Bc4 {[%clk 0:31:52]} 22. Qa3
{[%clk 0:24:48]} a5 {[%clk 0:24:52]} 23. b3 {[%clk 0:23:06]} Be6 {[%clk 0:20:36]}
24. Ne4 {[%clk 0:07:34]} Nc5 {[%clk 0:17:14]} 25. Nxc5 {[%clk 0:06:25]} Bxc5
{[%clk 0:17:31]} 26. Qa2 {[%clk 0:06:03]} Bb4 {[%clk 0:15:47]} 27. Bb2 Bf5
{[%clk 0:11:11]} 28. Rac1 {[%clk 0:01:38]} d2 {[%clk 0:09:27]} 29. Rxc8
{[%clk 0:01:43]} Qxc8 {[%clk 0:09:51]} 30. Bd4 {[%clk 0:01:18]} Bxh3
{[%clk 0:08:41]} 31. Qa1 {[%clk 0:00:45]} Bg4 {[%clk 0:08:15]} 32. Kg2
{[%clk 0:01:00]} Bxf3+ {[%clk 0:08:26]} 33. Kxf3 {[%clk 0:01:28]} Qf5+
{[%clk 0:08:36]} 34. Kg2 {[%clk 0:01:37]} Rc8 {[%clk 0:08:15]} 35. f3
{[%clk 0:00:55]} Qc2 {[%clk 0:07:22]} 36. Bb2 {[%clk 0:00:54]} Qxb3
{[%clk 0:07:13]} 37. Kf2 {[%clk 0:00:48]} Qc2 {[%clk 0:06:21]} 38. Ke2
{[%clk 0:00:51]} Qc4+ {[%clk 0:05:55]} 39. Kf2 {[%clk 0:01:15]} f6
{[%clk 0:05:50]} 40. g4 {[%clk 0:01:09]} h6 {[%clk 0:03:37]} 41. Qb1
{[%clk 0:01:10]} Qc2 {[%clk 0:03:14]} 42. Qa1 {[%clk 0:01:15]} Bc3
{[%clk 0:03:15]} 43. Bxc3 {[%clk 0:00:39]} Rxc3 {[%clk 0:03:40]} 44. Ke2
{[%clk 0:01:02]} Qd3+ {[%clk 0:04:05]} 45. Kf2 {[%clk 0:01:28]} Qxe3+
{[%clk 0:04:28]} 46. Kf1 {[%clk 0:01:48]} Qxf3+ {[%clk 0:04:52]} 47. Kg1
{[%clk 0:02:14]} Qxg4+ {[%clk 0:05:15]} 48. Kf2 {[%clk 0:02:38]} Qg3+
{[%clk 0:05:15]} 0-1

[Event "EYCC 2024 - G16"]
[Site "?"]
[Date "2024.08.30"]
[Round "8.7"]
[White "Gkoutzouki, Aikaterini Argyro"]
[Black "Trunz, Michelle"]
[Result "1-0"]
[BlackElo "2055"]
[WhiteElo "1986"]
[LiveChessVersion "1.4.8"]

1. d4 {[%clk 1:30:57]} d5 {[%clk 1:30:56]} 2. c4 {[%clk 1:31:22]} c6
{[%clk 1:31:21]} 3. Nf3 {[%clk 1:31:49]} Nf6 {[%clk 1:31:47]} 4. e3
{[%clk 1:32:15]} Bg4 {[%clk 1:32:13]} 5. Nc3 {[%clk 1:32:42]} e6 {[%clk 1:28:05]}
6. h3 {[%clk 1:31:48]} Bxf3 {[%clk 1:28:30]} 7. Qxf3 {[%clk 1:32:12]} g6
{[%clk 1:25:54]} 8. Be2 {[%clk 1:25:54]} Bg7 {[%clk 1:26:07]} 9. O-O
{[%clk 1:21:56]} O-O {[%clk 1:26:23]} 10. Rd1 {[%clk 1:18:53]} Nbd7
{[%clk 1:23:33]} 11. b3 {[%clk 1:12:13]} Re8 {[%clk 1:21:48]} 12. Bb2
{[%clk 1:11:26]} Qe7 {[%clk 1:20:33]} 13. Qg3 {[%clk 1:06:50]} a6
{[%clk 1:11:29]} 14. a4 {[%clk 1:00:06]} Rac8 {[%clk 0:51:02]} 15. Ba3
{[%clk 0:55:37]} Qd8 {[%clk 0:46:30]} 16. Rac1 {[%clk 0:54:06]} c5
{[%clk 0:39:06]} 17. cxd5 {[%clk 0:48:18]} exd5 {[%clk 0:38:09]} 18. dxc5
{[%clk 0:46:23]} Nxc5 {[%clk 0:37:09]} 19. Nxd5 {[%clk 0:42:56]} Nce4
{[%clk 0:28:54]} 20. Nxf6+ {[%clk 0:34:47]} Qxf6 {[%clk 0:29:16]} 21. Qf3
{[%clk 0:35:11]} Rxc1 {[%clk 0:27:15]} 22. Rxc1 {[%clk 0:33:55]} Qe5
{[%clk 0:26:10]} 23. Bc4 {[%clk 0:31:00]} Bf6 {[%clk 0:24:44]} 24. Bd3
{[%clk 0:26:04]} Nd6 {[%clk 0:19:48]} 25. Rd1 {[%clk 0:22:11]} Be7
{[%clk 0:17:30]} 26. Bxd6 {[%clk 0:20:10]} Bxd6 {[%clk 0:17:57]} 27. Bc4
{[%clk 0:20:16]} Re7 {[%clk 0:17:44]} 28. Qd5 {[%clk 0:17:30]} Qxd5
{[%clk 0:16:54]} 29. Rxd5 {[%clk 0:17:52]} Bb4 {[%clk 0:16:58]} 30. Kf1
{[%clk 0:17:08]} Kg7 {[%clk 0:16:19]} 31. Ke2 {[%clk 0:17:23]} Rc7
{[%clk 0:15:33]} 32. e4 {[%clk 0:16:41]} Bc5 {[%clk 0:14:47]} 33. f4
{[%clk 0:16:08]} a5 {[%clk 0:14:38]} 34. g4 {[%clk 0:15:53]} b6 {[%clk 0:14:40]}
35. Kf3 {[%clk 0:14:41]} Re7 {[%clk 0:13:23]} 36. Rd8 {[%clk 0:14:07]} h6
{[%clk 0:10:18]} 37. h4 {[%clk 0:09:58]} Rc7 {[%clk 0:09:19]} 38. Rd5
{[%clk 0:09:16]} Be7 {[%clk 0:07:45]} 39. h5 {[%clk 0:08:05]} g5 {[%clk 0:07:09]}
40. f5 {[%clk 0:08:16]} f6 {[%clk 0:04:11]} 41. e5 {[%clk 0:08:26]} Rc5
{[%clk 0:03:26]} 42. exf6+ {[%clk 0:08:20]} Kxf6 {[%clk 0:03:29]} 43. Rd7
{[%clk 0:08:31]} Rc6 {[%clk 0:03:02]} 44. Ke4 {[%clk 0:07:57]} Rc5
{[%clk 0:01:51]} 45. Rb7 {[%clk 0:07:40]} Re5+ {[%clk 0:01:13]} 46. Kf3
{[%clk 0:07:59]} Re1 {[%clk 0:00:52]} 47. Rxb6+ {[%clk 0:08:22]} Kg7
{[%clk 0:01:21]} 48. Rg6+ {[%clk 0:07:57]} Kh7 {[%clk 0:01:25]} 49. Ra6
{[%clk 0:06:49]} Re5 {[%clk 0:00:44]} 50. f6 {[%clk 0:06:25]} Bc5
{[%clk 0:00:35]} 51. Ra8 {[%clk 0:05:54]} Re3+ {[%clk 0:00:36]} 52. Kg2
{[%clk 0:06:18]} Rc3 {[%clk 0:00:37]} 53. Bg8+ {[%clk 0:06:40]} 1-0

[Event "EYCC 2024 - G16"]
[Site "?"]
[Date "2024.08.30"]
[Round "8.8"]
[White "Li Chen, Helena Joana"]
[Black "Ingel, Mica Bar"]
[Result "0-1"]
[BlackElo "1911"]
[WhiteElo "2057"]
[LiveChessVersion "1.4.8"]

1. e4 {[%clk 1:30:59]} e5 {[%clk 1:30:57]} 2. Nf3 {[%clk 1:31:24]} Nc6
{[%clk 1:31:21]} 3. Bc4 {[%clk 1:31:26]} Nf6 {[%clk 1:31:43]} 4. d3
{[%clk 1:31:48]} Bc5 {[%clk 1:32:07]} 5. c3 {[%clk 1:31:37]} d6 {[%clk 1:32:31]}
6. O-O {[%clk 1:31:33]} O-O {[%clk 1:32:53]} 7. Re1 {[%clk 1:31:47]} Be6
{[%clk 1:32:10]} 8. Bb5 {[%clk 1:30:10]} a6 {[%clk 1:32:02]} 9. Ba4
{[%clk 1:21:10]} b5 {[%clk 1:32:24]} 10. Bc2 {[%clk 1:21:28]} d5 {[%clk 1:28:31]}
11. exd5 {[%clk 1:21:49]} Qxd5 {[%clk 1:28:34]} 12. Be3 {[%clk 1:19:33]} Bxe3
{[%clk 1:27:53]} 13. Rxe3 {[%clk 1:17:57]} Rfe8 {[%clk 1:20:34]} 14. h3
{[%clk 1:12:25]} Rad8 {[%clk 1:18:46]} 15. Nbd2 {[%clk 1:11:27]} Bf5
{[%clk 1:17:08]} 16. Ng5 {[%clk 1:10:31]} Qd7 {[%clk 1:13:27]} 17. Bb3
{[%clk 0:59:15]} Bg6 {[%clk 1:11:48]} 18. Rf3 {[%clk 0:55:38]} Bh5
{[%clk 1:03:39]} 19. g4 {[%clk 0:49:41]} Bg6 {[%clk 1:03:44]} 20. Nge4
{[%clk 0:47:46]} Nd5 {[%clk 1:02:04]} 21. Bxd5 {[%clk 0:46:51]} Qxd5
{[%clk 0:59:02]} 22. Qb3 {[%clk 0:47:13]} Qd7 {[%clk 0:51:39]} 23. a4
{[%clk 0:46:10]} h5 {[%clk 0:50:03]} 24. gxh5 {[%clk 0:43:55]} Bxh5
{[%clk 0:48:32]} 25. Rg3 {[%clk 0:44:19]} Kh8 {[%clk 0:42:32]} 26. Kh2
{[%clk 0:40:13]} Ne7 {[%clk 0:41:28]} 27. Rg5 {[%clk 0:39:35]} Bg6
{[%clk 0:41:17]} 28. Nc5 {[%clk 0:37:36]} Qc6 {[%clk 0:39:28]} 29. Rxe5
{[%clk 0:31:56]} Qf6 {[%clk 0:38:19]} 30. Rae1 {[%clk 0:27:52]} Qxf2+
{[%clk 0:38:41]} 31. Kh1 {[%clk 0:28:17]} Qxd2 {[%clk 0:35:47]} 32. Rxe7
{[%clk 0:25:45]} Rxe7 {[%clk 0:35:03]} 33. Rxe7 {[%clk 0:26:07]} Qg5
{[%clk 0:35:13]} 34. Rxc7 {[%clk 0:24:44]} Re8 {[%clk 0:31:45]} 35. Ne4
{[%clk 0:20:36]} Rxe4 {[%clk 0:31:25]} 36. Qd1 {[%clk 0:19:17]} Qg3
{[%clk 0:30:59]} 0-1